Central Library OPAC University of Rajshahi

Modern aspects of pH : (Record no. 9952)

MARC details
000 -LEADER
fixed length control field 00852cam a22002891 4500
001 - CONTROL NUMBER
control field 9952
003 - CONTROL NUMBER IDENTIFIER
rucl marc code BD-RjUL
005 - DATE AND TIME OF LATEST TRANSACTION
control field 20211208234853.0
008 - FIXED-LENGTH DATA ELEMENTS--GENERAL INFORMATION
fixed length control field 140122s1954 nyua b 001 0 eng
035 ## - SYSTEM CONTROL NUMBER
System control number (BD-RjUL)9998
System control number (OCoLC)1495471
040 ## - CATALOGING SOURCE
Original cataloging agency DLC
Transcribing agency FMU
Modifying agency BD-RjUL
Language of cataloging eng
041 ## - LANGUAGE CODE
Language code of text/sound track or separate title eng
082 ## - DEWEY DECIMAL CLASSIFICATION NUMBER
Classification number 581.19
Author mark and year SMM 1954
100 1# - MAIN ENTRY--PERSONAL NAME
Personal name Small, James
Dates associated with a name 1889-
9 (RLIN) 30739
245 10 - TITLE STATEMENT
Title Modern aspects of pH :
Statement of responsibility, etc. James Small
Remainder of title with special reference to plants and soils /
250 ## - EDITION STATEMENT
Edition statement [1st ed.]
260 ## - PUBLICATION, DISTRIBUTION, ETC. (IMPRINT)
Place of publication, distribution, etc. New York :
Name of publisher, distributor, etc. Van Nostrand,
Date of publication, distribution, etc. 1954.
300 ## - PHYSICAL DESCRIPTION
Pagination xi, 247 p. :
Illustrations illus. ;
Size 22 cm.
504 ## - BIBLIOGRAPHY, ETC. NOTE
Bibliography, etc Includes bibliography and index.
650 #0 - SUBJECT ADDED ENTRY--TOPICAL TERM
Topical term or geographic name as entry element Botanical chemistry.
9 (RLIN) 30740
Topical term or geographic name as entry element Soils
General subdivision Analysis.
9 (RLIN) 30741
Topical term or geographic name as entry element Hydrogen-ion concentration.
9 (RLIN) 30742
942 ## - ADDED ENTRY ELEMENTS (KOHA)
Source of classification or shelving scheme Dewey Decimal Classification
Koha item type Books
Holdings
Lost status Source of classification or shelving scheme Damaged status Not for loan Collection code Permanent Location Current Location Shelving location Date acquired Source of acquisition Total Checkouts Full call number Date last seen Copy number Koha item type
  Dewey Decimal Classification   Not For Loan Non-fiction Central Library, University of Rajshahi Central Library, University of Rajshahi Reading Room 20/02/2061 Colombo Plan   581.19 SMM 1954 22/01/2014 C-1 Books